[Event "EU-ch rapid (Women)"]
[Site "Predeal"]
[Date "2007.08.09"]
[Round "7"]
[White "Ciubara, Vladlena"]
[Black "Genova, Liubka"]
[Result "1/2-1/2"]
[WhiteElo "2119"]
[BlackElo "2221"]
[PlyCount "88"]
[EventDate "2007.08.08"]
[EventType "swiss (rapid)"]
[EventRounds "9"]
[EventCountry "ROU"]
[SourceTitle "CBM 120 Extra"]
[Source "ChessBase"]
[SourceDate "2007.11.01"]
[SourceVersion "1"]
[SourceVersionDate "2007.11.01"]
[SourceQuality "1"]

1. e4 c5 2. Nf3 e6 3. d3 Nc6 4. g3 d6 5. Bg2 g6 6. 0-0 Bg7 7. c3 e5 8. Nh4 Be6 9. Be3 Nge7 10. f4 exf4 11. gxf4 Qd7 12. Nd2 Bh3 13. Rf2 Bxg2 14. Rxg2 0-0-0 15. Qg4 Qxg4 16. Rxg4 b6 17. Rf1 d5 18. Nhf3 dxe4 19. dxe4 f5 20. Rg2 Rd3 21. Kf2 fxe4 22. Nxe4 Nf5 23. Bd2 Rhd8 24. Ke2 c4 25. b3 b5 26. bxc4 bxc4 27. Re1 Re8 28. Kf2 Re7 29. Rgg1 Kc7 30. Nc5 Rd6 31. Rxe7+ Ncxe7 32. Re1 Kc6 33. Ne6 Bf6 34. Bc1 Bxc3 35. Re4 Kb5 36. Ba3 Rd7 37. Ne5 Rd2+ 38. Kf1 Rd1+ 39. Kf2 Rd2+ 40. Kf1 Rd1+ 41. Kf2 Rd2+ 42. Kf1 Rd1+ 43. Kf2 Rd2+ 44. Kf1 Rd1+ 1/2-1/2

[Event "EU-ch rapid (Women)"]
[Site "Predeal"]
[Date "2007.08.08"]
[Round "1"]
[White "Ciubara, Vladlena"]
[Black "Peptan, Corina Isabela"]
[Result "0-1"]
[WhiteElo "2119"]
[BlackElo "2411"]
[PlyCount "41"]
[EventDate "2007.08.08"]
[EventType "swiss (rapid)"]
[EventRounds "9"]
[EventCountry "ROU"]
[SourceTitle "CBM 120 Extra"]
[Source "ChessBase"]
[SourceDate "2007.11.01"]
[SourceVersion "1"]
[SourceVersionDate "2007.11.01"]
[SourceQuality "1"]

1. e4 c5 2. Nf3 e6 3. d4 cxd4 4. Nxd4 a6 5. Nc3 Qc7 6. Bd3 b5 7. 0-0 Bb7 8. Be3 Nf6 9. a3 Be7 10. f4 h5 11. h3 d6 12. Qe2 Nbd7 13. Rad1 h4 14. Bf2 Nh5 15. Qe3 Rc8 16. f5 e5 17. Nde2 Nhf6 18. Bxb5 axb5 19. Nxb5 Qb8 20. Nec3 Nc5 21. b4 0-1

[Event "ROM-ch (Women)"]
[Site "Predeal"]
[Date "2006.12.01"]
[Round "5"]
[White "Ciubara, Vladlena"]
[Black "Tutulan, Mihaela"]
[Result "0-1"]
[WhiteElo "2168"]
[BlackElo "2024"]
[PlyCount "123"]
[EventDate "2006.11.27"]
[EventType "swiss"]
[EventRounds "11"]
[EventCountry "ROU"]
[SourceTitle "CBM 115 Extra"]
[Source "ChessBase"]
[SourceDate "2007.01.10"]
[SourceVersion "1"]
[SourceVersionDate "2007.01.10"]
[SourceQuality "1"]

1. e4 c5 2. c3 d5 3. exd5 Qxd5 4. d4 Nf6 5. Nf3 Bg4 6. Be2 cxd4 7. cxd4 e6 8. Nc3 Bb4 9. h3 Bh5 10. Qa4+ Nc6 11. 0-0 Qa5 12. Qxa5 Bxa5 13. Rd1 Rd8 14. g4 Bg6 15. Bg5 0-0 16. Rac1 Ne7 17. Ne5 Bb6 18. Be3 Nfd5 19. Na4 Nxe3 20. fxe3 Nd5 21. Nxb6 Nxb6 22. Bf3 Nd5 23. Kf2 f6 24. Nxg6 hxg6 25. Bxd5 Rxd5 26. Rc7 Rf7 27. Rdc1 Rdd7 28. Rc8+ Rf8 29. Ke2 g5 30. Kd3 Rxc8 31. Rxc8+ Kf7 32. e4 Ke7 33. Rc5 Kd6 34. e5+ Ke7 35. Ke4 g6 36. exf6+ Kxf6 37. Rc2 Rh7 38. Rf2+ Ke7 39. Rf3 Kd6 40. Rd3 Rc7 41. Rb3 b6 42. Rb5 Rc2 43. a4 Re2+ 44. Kd3 Rh2 45. Rxg5 Rxh3+ 46. Kc4 Rh6 47. Kb5 Ke7 48. Ka6 Kf6 49. Rb5 Rh4 50. g5+ Kf7 51. Kxa7 Rxd4 52. b4 e5 53. Kxb6 e4 54. a5 Ke6 55. a6 Rd6+ 56. Kb7 Rd7+ 57. Kb8 e3 58. a7 e2 59. Rc5 Rxa7 60. Rc1 Re7 61. Re1 Kd5 62. Kc8 0-1

[Event "ROM-ch (Women)"]
[Site "Predeal"]
[Date "2006.11.30"]
[Round "4"]
[White "Dragomirescu, Angela"]
[Black "Ciubara, Vladlena"]
[Result "1-0"]
[WhiteElo "2237"]
[BlackElo "2168"]
[PlyCount "85"]
[EventDate "2006.11.27"]
[EventType "swiss"]
[EventRounds "11"]
[EventCountry "ROU"]
[SourceTitle "CBM 115 Extra"]
[Source "ChessBase"]
[SourceDate "2007.01.10"]
[SourceVersion "1"]
[SourceVersionDate "2007.01.10"]
[SourceQuality "1"]

1. Nf3 d5 2. g3 Nf6 3. Bg2 Bg4 4. 0-0 e6 5. c4 c6 6. b3 Bd6 7. Bb2 Nbd7 8. d4 0-0 9. Nbd2 Qc7 10. Rc1 Rfe8 11. Re1 Rad8 12. Nh4 dxc4 13. bxc4 c5 14. d5 exd5 15. cxd5 Be5 16. Bxe5 Nxe5 17. Qa4 b6 18. f4 Ng6 19. Nxg6 hxg6 20. e4 Bd7 21. Qc4 Rc8 22. e5 b5 23. Qc3 Nh7 24. Ne4 c4 25. Nd6 Nf8 26. Qd4 Rcd8 27. Nxe8 Bxe8 28. Qe3 Nd7 29. d6 Qc5 30. Kf2 Qxe3+ 31. Kxe3 Nc5 32. Red1 f6 33. Rd5 Nd3 34. Rxd3 cxd3 35. Bd5+ Kf8 36. Rc7 fxe5 37. fxe5 d2 38. Kxd2 a6 39. Kc3 Bd7 40. Kd4 Bf5 41. Rf7+ Ke8 42. Rxg7 Rc8 43. Rg8+ 1-0

[Event "ROM-chT"]
[Site "Baile Tusnad"]
[Date "2005.05.21"]
[Round "1"]
[White "Foisor, Sabina Francesca"]
[Black "Ciubara, Vladlena"]
[Result "0-1"]
[WhiteElo "2210"]
[BlackElo "2086"]
[PlyCount "152"]
[EventDate "2005.05.21"]
[EventType "team"]
[EventRounds "9"]
[EventCountry "ROU"]
[SourceTitle "CBM 106 Extra"]
[Source "ChessBase"]
[SourceDate "2005.07.01"]
[SourceVersion "1"]
[SourceVersionDate "2005.07.01"]
[SourceQuality "1"]

1. d4 d5 2. c4 e6 3. Nc3 Nf6 4. cxd5 exd5 5. Bg5 Be7 6. e3 Nbd7 7. Bd3 0-0 8. Nge2 Re8 9. Qc2 Nf8 10. Bh4 Be6 11. f3 a6 12. 0-0 Rc8 13. Rad1 c5 14. Qd2 b5 15. a3 N8d7 16. Kh1 Nb6 17. Bf2 Qc7 18. Ng3 cxd4 19. exd4 Nc4 20. Bxc4 bxc4 21. Nge2 Bd6 22. Bg3 Bxg3 23. Nxg3 Rb8 24. Rde1 Rb3 25. Re3 Reb8 26. Nd1 Nd7 27. f4 Nf6 28. f5 Bd7 29. Rc3 Qd6 30. Re1 h6 31. Rf1 Rxc3 32. Nxc3 Rb3 33. Re1 Qb8 34. Re2 h5 35. Qc1 h4 36. Nf1 Bxf5 37. Qg5 Bd3 38. Rf2 Ne4 39. Nxe4 Bxe4 40. Qxh4 Rxb2 41. Rxb2 Qxb2 42. Qd8+ Kh7 43. Qh4+ Kg6 44. Qg3+ Kf6 45. Qd6+ Kg5 46. h4+ Kxh4 47. Qf4+ Kh5 48. Qxf7+ Kh6 49. Qf4+ Kg6 50. Qd6+ Kh7 51. Qh2+ Kg8 52. Qh3 Qxd4 53. Qe6+ Kf8 54. Qd6+ Kf7 55. Qc7+ Kg6 56. Qg3+ Kf6 57. Qd6+ Kf5 58. Qd7+ Kg5 59. Ng3 Qe5 60. Kh2 c3 61. Qd8+ Kg6 62. Qb6+ Qf6 63. Qe3 Qh4+ 64. Kg1 c2 65. Ne2 Qe1+ 66. Kh2 c1Q 67. Qb6+ Kh7 68. Nxc1 Qxc1 69. Qxa6 Qh6+ 70. Qxh6+ Kxh6 71. Kg3 Kg5 72. Kf2 Kf4 73. g3+ Ke5 74. Ke3 d4+ 75. Kd2 Kd5 76. g4 g5 0-1

[Event "ROM-ch sf U18 Girls"]
[Site "Buzias"]
[Date "2002.03.26"]
[Round "9"]
[White "Ciubara, Vladlena"]
[Black "Saru, Iulia"]
[Result "1-0"]
[WhiteElo "2025"]
[BlackElo "1606"]
[PlyCount "49"]
[EventDate "2002.03.18"]
[EventType "swiss"]
[EventRounds "9"]
[EventCountry "ROU"]
[SourceTitle "EXT 2008"]
[Source "ChessBase"]
[SourceDate "2007.11.25"]
[SourceVersion "1"]
[SourceVersionDate "2007.11.25"]
[SourceQuality "1"]

1. e4 Nf6 2. e5 Nd5 3. d4 d6 4. Nf3 g6 5. Bc4 Nb6 6. Bb3 Bg7 7. 0-0 0-0 8. Bg5 Nc6 9. exd6 cxd6 10. c3 Qc7 11. a4 a5 12. Na3 Na7 13. Re1 e6 14. Nd2 d5 15. Qf3 Bd7 16. Nc2 Nc4 17. Bxc4 dxc4 18. Bf4 Qd8 19. Qxb7 Bc6 20. Qc7 Qh4 21. Bg3 Qg5 22. Qf4 Qh5 23. Nxc4 Bxa4 24. Rxa4 Qb5 25. Rea1 1-0

[Event "ROM-ch sf U18 Girls"]
[Site "Buzias"]
[Date "2002.03.??"]
[Round "?"]
[White "Ciubara, Vladlena"]
[Black "L'Ami, Alina"]
[Result "0-1"]
[WhiteElo "2025"]
[BlackElo "2222"]
[PlyCount "74"]
[EventDate "2002.03.18"]
[EventType "swiss"]
[EventRounds "9"]
[EventCountry "ROU"]
[SourceTitle "EXT 2008"]
[Source "ChessBase"]
[SourceDate "2007.11.25"]
[SourceVersion "1"]
[SourceVersionDate "2007.11.25"]
[SourceQuality "1"]

1. e4 c5 2. d3 g6 3. g3 Bg7 4. Bg2 Nc6 5. f4 e6 6. Nf3 Nge7 7. 0-0 0-0 8. c3 d5 9. Be3 d4 10. Bf2 e5 11. cxd4 exf4 12. gxf4 Nxd4 13. Nxd4 Bxd4 14. Nc3 Be6 15. Qd2 Nc6 16. Kh1 Kh8 17. f5 Bd7 18. Bxd4+ cxd4 19. Nd5 gxf5 20. exf5 f6 21. Qh6 Ne5 22. Nf4 Bxf5 23. Nh5 Rg8 24. Rxf5 Ng4 25. Qd2 Ne3 26. Rf2 Rg5 27. Ng3 f5 28. Re1 Qb6 29. Rf3 Rc8 30. Rfxe3 dxe3 31. Qxe3 Qxe3 32. Rxe3 f4 33. Rf3 fxg3 34. hxg3 Rc1+ 35. Kh2 Rh5+ 36. Bh3 Rc2+ 37. Kg1 Rxh3 0-1

[Event "ROM-ch U16 Girls"]
[Site "Sovata"]
[Date "2001.??.??"]
[Round "3"]
[White "Pall, Eva Boglarka"]
[Black "Ciubara, Vladlena"]
[Result "0-1"]
[WhiteElo "1655"]
[BlackElo "2110"]
[PlyCount "57"]
[EventDate "2001.03.31"]
[EventType "tourn"]
[EventRounds "11"]
[EventCountry "ROU"]
[SourceTitle "EXT 2008"]
[Source "ChessBase"]
[SourceDate "2007.11.25"]
[SourceVersion "1"]
[SourceVersionDate "2007.11.25"]
[SourceQuality "1"]

1. e4 e6 2. d4 d5 3. Nd2 Be7 4. c3 dxe4 5. Nxe4 Nf6 6. Nxf6+ Bxf6 7. Nf3 b6 8. Bf4 Bb7 9. Bb5+ c6 10. Be2 Nd7 11. 0-0 0-0 12. Qc2 Qe7 13. Rad1 Rfd8 14. Rfe1 c5 15. dxc5 Nxc5 16. Be3 Be4 17. Rxd8+ Qxd8 18. Qd1 Qc7 19. Bxc5 Qxc5 20. Bd3 Bd5 21. a3 Rd8 22. Nd4 Bb7 23. Qb1 g6 24. Nb3 Qd5 25. Be4 Qxb3 26. Bxb7 Rd2 27. Qe4 Qxb2 28. Qf4 Bxc3 29. Qe3 0-1

[Event "ROM-ch U16 Girls"]
[Site "Sovata"]
[Date "2001.??.??"]
[Round "1"]
[White "Teodorescu, Anca"]
[Black "Ciubara, Vladlena"]
[Result "1-0"]
[WhiteElo "1725"]
[BlackElo "2110"]
[PlyCount "67"]
[EventDate "2001.03.31"]
[EventType "tourn"]
[EventRounds "11"]
[EventCountry "ROU"]
[SourceTitle "EXT 2008"]
[Source "ChessBase"]
[SourceDate "2007.11.25"]
[SourceVersion "1"]
[SourceVersionDate "2007.11.25"]
[SourceQuality "1"]

1. e4 e6 2. d4 d5 3. e5 c5 4. c3 Nc6 5. Nf3 Nge7 6. a3 Nf5 7. b4 cxd4 8. cxd4 Qb6 9. Bb2 Be7 10. Be2 Bd7 11. 0-0 0-0 12. Bd3 Rac8 13. Bxf5 exf5 14. Nc3 Be6 15. Na4 Qb5 16. Rc1 a5 17. Nc3 Qb6 18. b5 Na7 19. Qb3 Rc4 20. a4 Rfc8 21. Rc2 f6 22. Rfc1 fxe5 23. Nxd5 Rxc2 24. Rxc2 Qd8 25. Rxc8 Nxc8 26. Nf6+ Kf7 27. Ng5+ Kxf6 28. Nxe6 Qd7 29. dxe5+ Kg6 30. Nf4+ Kh6 31. e6 Qd6 32. Qh3+ Kg5 33. Qg3+ Kh6 34. Qxg7# 1-0